Statistiques concernant Single de Diamant - Niska

Cliquez ici pour prendre le quiz!

Statistiques générales

  • Ce quiz a été pris 90 fois
  • Le résultat moyen est 9 sur 17

Statistiques - réponses

Date de certificationTitres% Correct
Septembre 2019 - (ft. Booba)Médicament
89%
Septembre 2017Réseaux
81%
Septembre 2019 - (ft. Ninho)Maman ne le sait pas
76%
Mai 2020 - (ft. Koba LaD)RR 9.1
73%
Décembre 2020 - (ft. 4Keus(Tiakola))MD
67%
Décembre 2017Salé
67%
Octobre 2022 - (ft. Soolking)Balader
62%
Décembre 2022 - (ft. Ninho)N.I
60%
Janvier 2018 - (ft. Booba)Tuba Life
60%
Avril 2018 - (ft. Maître Gims)Sapés comme jamais
54%
Septembre 2021 - (ft. Ninho)Méchant
52%
Décembre 2020 - (ft. Naza)Joli Bébé
46%
Octobre 2020Bâtiment
41%
Mai 2022 - (ft. Aya Nakamura)Sucette
41%
Mai 2023Siliconé
29%
Decembre 2022Chasse à l'Homme
19%
Mars 2018Medellin
16%

Distribution des résultats

Percentile par nombre de réponses

% des personnes avec chaque résultat

Votre développement - résultats

Vous n’avez pas pris ce quiz